Osos poéticos & filosóficos: Peligro demolición.
Αποθηκεύτηκε σε:
| Κύριος συγγραφέας: | |
|---|---|
| Μορφή: | Βιβλίο |
| Έκδοση: |
Santiago, Chile:
Montacerdos,
2019.
|
| Έκδοση: | Primera edición en Chile. |
| Θέματα: | |
| Ετικέτες: |
Προσθήκη ετικέτας
Δεν υπάρχουν, Καταχωρήστε ετικέτα πρώτοι!
|
MARC
| LEADER | 00000nam a22000007a 4500 | ||
|---|---|---|---|
| 003 | CL-VaPUC | ||
| 005 | 20250321101927.0 | ||
| 008 | 250120t2019 ||||| |||| 00| 0 eng d | ||
| 999 | |c 446682 |d 446680 | ||
| 020 | |a 978-956-9398-30-8 | ||
| 040 | |c Pontificia Universidad Católica de Valparaíso | ||
| 082 | |a 741.5 ALV 2019 | ||
| 100 | |9 895643 |a Álvarez Rodríguez, Claudio |c Alvarex |e autor | ||
| 245 | |a Osos poéticos & filosóficos: |b Peligro demolición. | ||
| 250 | |a Primera edición en Chile. | ||
| 260 | |a Santiago, Chile: |b Montacerdos, |c 2019. | ||
| 300 | |a 193 páginas: |b ilustraciones. | ||
| 500 | |a c.1. Instituto Arcos.08-01-2025. | ||
| 583 | |c 20250120 |k Gabriela Rodríguez Cuevas | ||
| 650 | 0 | |9 369534 |a Cómics |x Humor negro |z Chile | |
| 650 | 0 | |9 536655 |a Humor gráfico |x Osos |z Chile | |
| 942 | |2 ddc |c BK |n 0 | ||
| 952 | |0 0 |1 0 |2 ddc |4 0 |6 741_500000000000000_ALV_2019 |7 0 |9 599599 |a BIBINC |b BIBINC |c GEN |d 2025-01-20 |e Instituto Arcos |i 5664408 |o 741.5 ALV 2019 |p 5664408 |r 2025-01-20 |t 1 |w 2025-01-20 |y BK |k IFP | ||